| 000 | 00850nam a22001577a 4500 | ||
|---|---|---|---|
| 003 | OSt | ||
| 005 | 20150917102154.0 | ||
| 008 | 150917b xxu||||| |||| 00| 0 eng d | ||
| 040 | _cRUA | ||
| 082 | _aAGR SUO 2005 B031 Or.1 | ||
| 100 |
_9644 _aSUONG, SAMEDY. |
||
| 245 | _aComparison of three varieties of HIBISCUS SABDARIFFA in the condition of crop station of royal university of agriculture ប្រៀបធៀបលក្ខណៈជីវសាស្រ្តលើពូជបីប្រភេទរបស់ដដំណាំ ហ៊ីប៊ីស្គុស សាបដារីហ្វហ្វា ក្នុងលក្ខខណ្ឌដំណាំនៃសាលកវិទ្យាល័យភូមិន្ទកសិកម្ម | ||
| 260 |
_aPhnom Penh _bRUA _c2005 |
||
| 300 |
_axi; 36p. _bill. _c29cm. |
||
| 942 |
_2ddc _cAGR |
||
| 999 |
_c619 _d619 |
||